เกมหัวใจพยศรัก (Record no. 37501)

MARC details
000 -LEADER
fixed length control field 03294nam a22002177a 4500
003 - CONTROL NUMBER IDENTIFIER
control field TH-BaNU
005 - DATE AND TIME OF LATEST TRANSACTION
control field 20230330101358.0
008 - FIXED-LENGTH DATA ELEMENTS--GENERAL INFORMATION
fixed length control field 230330b2022 TH ||||| |||| 00| 0 tha d
020 ## - INTERNATIONAL STANDARD BOOK NUMBER
International Standard Book Number 9786162400827
040 ## - CATALOGING SOURCE
Original cataloging agency TH-BaNU
100 ## - MAIN ENTRY--PERSONAL NAME
Personal name อณุนาคินทร์
245 ## - TITLE STATEMENT
Title เกมหัวใจพยศรัก
260 ## - PUBLICATION, DISTRIBUTION, ETC.
Place of publication, distribution, etc. กรุงเทพฯ:
Name of publisher, distributor, etc. กรีนมายด์:
Date of publication, distribution, etc. 2565
300 ## - PHYSICAL DESCRIPTION
Extent 272 หน้า
520 ## - SUMMARY, ETC.
Summary, etc. ใครจะรู้ว่า แค่ภาพถ่ายที่ "อังสนา" นักข่าวสาวถ่ายไว้ได้ในวันที่บังเอิญเจอ "ภูวดล" หนุ่มนักธุรกิจรูปหล่อ ผู้เก็บเนื้อเก็บตัว กำลังจู๋จี๋อยู่กับหญิงสาวคนหนึ่ง จะทำให้เขาถึงขั้นควานหาตัวเธอเพื่อขอคืนภาพถ่ายเหล่านั้น พร้อมสั่งห้ามเผยแพร่ผ่านสื่อใดๆ เด็ดขาด มิฉะนั้นเขาจะไม่รับรองในความปลอดภัยของตัวเธอ<br/>อังสนายินดีคืนให้ แต่เขาต้องให้เธอสัมภาษณ์ลงข่าวเป็นข้อแลกเปลี่ยนเช่นกัน ซึ่งภูวดลก็จำยอมทำตามข้อเสนอ เรื่องคงลงเอยด้วยดี ถ้าภาพเหล่านั้นไม่ ถูกกระจายผ่านโซเชียลเน็ตเวิร์กในภายหลัง ด้วยฝีมือลูกพี่ลูกน้องที่รู้เท่าไม่ถึงการณ์ ทำให้ชายหนุ่มถึงกับควันออกหู ตามล่าเธอที่ทำเนียนจะหนีให้มารับผิดชอบ แต่ด้วยนิสัยที่ไม่เคยยอมใคร ทำให้หญิงสาวเผลอทำร้ายของรักของหวงจากคนรักเก่าเขาเข้าอีก นั่นยิ่งทำให้ภูวดลทวีความโกรธ ชายหนุ่มถึงกับเลือกใช้วิธีป่าเถื่อน จับตัวหญิงสาวมากักขังหน่วงเหนี่ยวเพื่อชดใช้ในสิ่งที่ทำทั้งหมด ด้วยการใช้เสน่ห์อันเหลือร้ายของตน หลอกล่อให้เธอติดกับและหลงใหล แล้วประกาศกร้าวว่า นั่นเป็นเพียงแค่ "เกม"
650 ## - SUBJECT ADDED ENTRY--TOPICAL TERM
Topical term or geographic name entry element วรรณกรรม
850 ## - HOLDING INSTITUTION
Holding institution Kuakarun Nursing Library
856 ## - ELECTRONIC LOCATION AND ACCESS
Uniform Resource Identifier <a href="https://se-ed.belibcloud.com/book-detail/18269">https://se-ed.belibcloud.com/book-detail/18269</a>
Link text se-ed e-library
942 ## - ADDED ENTRY ELEMENTS (KOHA)
Source of classification or shelving scheme Local Classification
Koha item type Electronic books
998 ## - STAFF NAME (NMU)
Cataloger bee
Holdings
Withdrawn status Lost status Source of classification or shelving scheme Damaged status Not for loan Home library Current library Shelving location Date acquired Total Checkouts Barcode Date last seen Price effective from Koha item type
    Local Classification   Online Access Kuakarun Nursing Library Kuakarun Nursing Library Processing unit 30/03/2023   eb37501 30/03/2023 30/03/2023 Electronic books